Construcción de paradigmas emancipadores desde la equidad de género/
Na minha lista:
| Autor principal: | |
|---|---|
| Formato: | Livro |
| Idioma: | Spanish |
| Tags: |
Adicionar Tag
Sem tags, seja o primeiro a adicionar uma tag!
|
MARC
| LEADER | 00000nam a22000007a 4500 | ||
|---|---|---|---|
| 003 | cru CIDCACS/IIS | ||
| 005 | 20180125152353.0 | ||
| 007 | ta | ||
| 008 | 180125s2009 pn |||p|r||||||0| ||spa|d | ||
| 999 | |c 40900 |d 40900 | ||
| 040 | |c cru CIDCACS/IIS | ||
| 100 | 1 | |9 6502 |a Cruz, Aida | |
| 245 | 1 | |a Construcción de paradigmas emancipadores desde la equidad de género/ |c Aida Cruz | |
| 300 | |a páginas 108-114 | ||
| 773 | 0 | |0 40892 |9 1759 |a Consejo de Educación de Adultos de América Latina |d Panamá : CEAAL |o 18225 |t La Piragua: |x 20730810 | |
| 942 | |2 ddc |c PP | ||
